[Event "GER-chT U20 Girls"]
[Site "Osnabrueck"]
[Date "2015.12.27"]
[Round "1.2"]
[White "Denz, Annika"]
[Black "Alsheimer, Lea"]
[Result "0-1"]
[WhiteElo "1592"]
[BlackElo "1782"]
[PlyCount "68"]
[EventDate "2015.12.27"]
[EventType "team-swiss"]
[EventRounds "7"]
[EventCountry "GER"]
[SourceTitle "EXT 2017"]
[Source "ChessBase"]
[SourceDate "2016.10.25"]
[SourceVersion "1"]
[SourceVersionDate "2016.10.25"]
[SourceQuality "1"]
[WhiteTeam "Freiburg Zaehringen"]
[BlackTeam "Bechhofen"]
[WhiteTeamCountry "GER"]
[BlackTeamCountry "GER"]

1. e4 d6 2. d4 Nf6 3. Nc3 g6 4. Bg5 Bg7 5. Nf3 Nbd7 6. Be2 0-0 7. Qd2 c5 8. Rd1 cxd4 9. Nxd4 Nc5 10. f3 Bd7 11. Bh6 Rc8 12. Nd5 Nxd5 13. exd5 Qb6 14. h4 f6 15. g4 Qxb2 16. Qe3 Rce8 17. h5 Bxh6 18. Qxh6 g5 19. f4 Qc3+ 20. Kf1 Qe3 21. Rh2 Ne4 22. Rd3 Qxf4+ 23. Rf3 Qxh2 24. Bd3 Nd2+ 25. Ke1 Nxf3+ 26. Nxf3 Qg3+ 27. Ke2 Rf7 28. a3 Qxg4 29. Kf2 Bf5 30. Bb5 Rc8 31. c3 Rxc3 32. Nd2 Qf4+ 33. Ke1 Qe3+ 34. Be2 Rc1# 0-1

[Event "GER-chT U20 Girls"]
[Site "Naumburg Saale"]
[Date "2014.12.27"]
[Round "2.2"]
[White "Reyher, Susan"]
[Black "Denz, Annika"]
[Result "1-0"]
[WhiteElo "1628"]
[BlackElo "1485"]
[PlyCount "67"]
[EventDate "2014.12.27"]
[EventType "team-swiss"]
[EventRounds "7"]
[EventCountry "GER"]
[SourceTitle "EXT 2016"]
[Source "ChessBase"]
[SourceDate "2015.10.08"]
[SourceVersion "1"]
[SourceVersionDate "2015.10.08"]
[SourceQuality "1"]
[WhiteTeam "Ruedersdorf"]
[BlackTeam "Freiburg Zaehringen"]
[WhiteTeamCountry "GER"]
[BlackTeamCountry "GER"]

1. e4 e5 2. Bc4 Nf6 3. d3 Nc6 4. Nc3 Bc5 5. Bg5 h6 6. Be3 Bb6 7. Nf3 0-0 8. 0-0 d6 9. h3 Qe7 10. Nh2 Bd7 11. Bxb6 axb6 12. f4 exf4 13. Rxf4 Qe5 14. Qf3 Nd4 15. Qf2 Qg5 16. Rf1 Bxh3 17. Nd5 Nxd5 18. Bxd5 Qxf4 19. Qxd4 Qg5 20. Qf2 Be6 21. Bb3 Bxb3 22. axb3 Ra2 23. c3 Qb5 24. Qg3 Qxb3 25. Ng4 Kh8 26. Nxh6 Qe6 27. Nf5 Qf6 28. Rf3 Rxb2 29. Qh3+ Kg8 30. Nxg7 Rb1+ 31. Kh2 Qxc3 32. Nf5 Re8 33. Rg3+ Kf8 34. Qh6+ 1-0

[Event "GER-ch U14 Girls"]
[Site "Oberhof"]
[Date "2011.06.18"]
[Round "9"]
[White "Rahimi, Anita"]
[Black "Denz, Annika"]
[Result "1-0"]
[WhiteElo "1341"]
[BlackElo "1261"]
[PlyCount "117"]
[EventDate "2011.06.11"]
[EventType "swiss"]
[EventRounds "9"]
[EventCountry "GER"]
[SourceTitle "CBM 142 Extra"]
[Source "ChessBase"]
[SourceDate "2011.06.27"]
[SourceVersion "1"]
[SourceVersionDate "2011.06.27"]
[SourceQuality "1"]

1. d4 d5 2. Bf4 Nf6 3. e3 c5 4. c3 Qb6 5. Qb3 c4 6. Qc2 Nc6 7. Nf3 g6 8. Be2 Bf5 9. Qc1 h6 10. h3 g5 11. Be5 Nxe5 12. Nxe5 Nd7 13. Nxd7 Bxd7 14. Nd2 h5 15. Qc2 Bg7 16. e4 e6 17. b3 cxb3 18. axb3 dxe4 19. Nxe4 Bc6 20. Nd6+ Ke7 21. Nc4 Qc7 22. Qd2 Bf6 23. Ne3 Ke8 24. Qd1 Rd8 25. Rc1 b5 26. Bxh5 b4 27. 0-0 bxc3 28. Qg4 Rxd4 29. Qxe6+ Qe7 30. Qxc6+ Rd7 31. Bg4 a5 32. Qxd7+ Qxd7 33. Bxd7+ Kxd7 34. Rfd1+ Kc7 35. Nd5+ Kc6 36. Nxf6 Kb5 37. Rxc3 Kb6 38. Rcd3 g4 39. Nxg4 f5 40. Ne3 f4 41. Nd5+ Kb5 42. Nxf4 Rc8 43. Rd5+ Kb6 44. Rd6+ Kb5 45. R1d5+ Rc5 46. Rxc5+ Kxc5 47. Rd5+ Kb4 48. h4 Kxb3 49. Rxa5 Kb4 50. h5 Kxa5 51. h6 Kb5 52. h7 Kc6 53. h8Q Kb5 54. Qc3 Ka4 55. Qb2 Ka5 56. Qb3 Ka6 57. Qb4 Ka7 58. Qb5 Ka8 59. Kf1 1-0

[Event "Baden-ch op U1200"]
[Site "Haslach im Kinzigtal"]
[Date "2010.06.03"]
[Round "4"]
[White "Isaart, Kevin"]
[Black "Denz, Annika"]
[Result "0-1"]
[WhiteElo "860"]
[BlackElo "982"]
[PlyCount "70"]
[EventDate "2010.05.31"]
[EventType "swiss"]
[EventRounds "7"]
[EventCountry "GER"]
[SourceTitle "EXT 2011"]
[Source "ChessBase"]
[SourceDate "2010.11.26"]
[SourceVersion "1"]
[SourceVersionDate "2010.11.26"]
[SourceQuality "1"]

1. e4 e5 2. Nf3 Nc6 3. Bc4 Bc5 4. 0-0 Nf6 5. d3 h6 6. Nc3 d6 7. h3 0-0 8. Nd5 a6 9. Be3 b5 10. Bb3 a5 11. a4 Ba6 12. axb5 Bxb5 13. c4 Ba6 14. Bxc5 dxc5 15. Ba4 Bb7 16. Bxc6 Bxc6 17. Nxe5 Qd6 18. Nxf6+ Qxf6 19. Nxc6 Qxc6 20. b3 Ra6 21. Qd2 Rfa8 22. Ra4 Qb7 23. Rb1 Rg6 24. Rxa5 Rxa5 25. Qxa5 f5 26. f3 Qc8 27. Kf2 Qd8 28. Qxc5 Qh4+ 29. Kf1 Qg3 30. Qg1 Qd6 31. d4 fxe4 32. Qe3 exf3 33. Rb2 Qh2 34. Qg1 Qf4 35. Kf2 Qxd4+ 0-1